[Event "NOR-chT Elite 2425"]
[Site "Norway"]
[Date "2025.03.07"]
[Round "7.45"]
[White "Bergan, Gaute"]
[Black "Aamodt, Peder Marcus"]
[Result "0-1"]
[WhiteElo "2085"]
[BlackElo "2199"]
[PlyCount "70"]
[EventDate "2024.10.25"]
[EventType "team-tourn"]
[EventRounds "9"]
[EventCountry "NOR"]
[SourceTitle "CB16_2025"]
[SourceDate "2025.04.16"]
[SourceVersion "1"]
[SourceVersionDate "2025.04.16"]
[SourceQuality "1"]
[WhiteTeam "Oslo SK 1911"]
[BlackTeam "Valerenga"]
[WhiteTeamCountry "NOR"]
[BlackTeamCountry "NOR"]

1. e4 e6 2. d4 d5 3. exd5 exd5 4. Bd3 Nf6 5. Nf3 c5 6. c3 c4 7. Bc2 Bd6 8. 0-0 0-0 9. h3 h6 10. b3 Re8 11. Re1 Rxe1+ 12. Qxe1 Nc6 13. Na3 Be6 14. Ne5 Rc8 15. bxc4 dxc4 16. Rb1 Bxa3 17. Bxa3 Qa5 18. Nxc6 Qxa3 19. Ne5 Qxa2 20. Be4 Nxe4 21. Qxe4 Bd5 22. Qf5 Rf8 23. Rb5 Be6 24. Qf3 Bc8 25. Rb4 a5 26. Rxc4 a4 27. Qd1 a3 28. Rb4 Bf5 29. g4 Be4 30. Qe1 f5 31. Ng6 Re8 32. Qc1 fxg4 33. Ne5 g3 34. Ng4 Bf3 35. Rb1 Bxg4 0-1

[Event "NOR-chT Elite 2425"]
[Site "Norway"]
[Date "2025.02.07"]
[Round "4.45"]
[White "Gajcin, Marina"]
[Black "Aamodt, Peder Marcus"]
[Result "0-1"]
[WhiteElo "2235"]
[BlackElo "2133"]
[PlyCount "90"]
[EventDate "2024.10.25"]
[EventType "team-tourn"]
[EventRounds "9"]
[EventCountry "NOR"]
[SourceTitle "CB16_2025"]
[SourceDate "2025.04.16"]
[SourceVersion "1"]
[SourceVersionDate "2025.04.16"]
[SourceQuality "1"]
[WhiteTeam "Hell"]
[BlackTeam "Valerenga"]
[WhiteTeamCountry "NOR"]
[BlackTeamCountry "NOR"]

1. e4 e5 2. Nf3 Nc6 3. Bc4 Nf6 4. d3 Be7 5. Nc3 0-0 6. a3 d6 7. Be3 Bg4 8. h3 Bxf3 9. Qxf3 Nd4 10. Bxd4 exd4 11. Ne2 c5 12. 0-0 Rb8 13. Ng3 g6 14. Ba2 b5 15. Qe2 Qc7 16. f4 Nd7 17. Rae1 Bf6 18. Qg4 Bg7 19. h4 Nf6 20. Qg5 c4 21. h5 Qd8 22. hxg6 hxg6 23. f5 Nh5 24. Qxd8 Rfxd8 25. Nxh5 gxh5 26. f6 Bh6 27. Rf5 Be3+ 28. Kh2 Kh7 29. dxc4 bxc4 30. Bxc4 Kg6 31. b3 Re8 32. Ra5 Bd2 33. Bxf7+ Kxf7 34. Rxa7+ Kxf6 35. Rf1+ Kg6 36. Raf7 Bg5 37. Rd7 Rb6 38. a4 Rxe4 39. a5 Rc6 40. Rf8 Rh4+ 41. Kg3 Rg4+ 42. Kh3 Bf6 43. g3 Be5 44. Rf3 Rxc2 45. a6 Rh4+ 0-1

[Event "Seville op 50th"]
[Site "Seville"]
[Date "2025.01.15"]
[Round "6"]
[White "Aamodt, Peder Marcus"]
[Black "Campos, Maria Jose"]
[Result "0-1"]
[WhiteElo "2082"]
[BlackElo "2271"]
[PlyCount "60"]
[EventDate "2025.01.10"]
[EventType "swiss"]
[EventRounds "9"]
[EventCountry "ESP"]
[SourceTitle "CB04_2025"]
[SourceDate "2025.01.22"]
[SourceVersion "1"]
[SourceVersionDate "2025.01.22"]
[SourceQuality "1"]

1. d4 d5 2. c4 e6 3. Nf3 Nf6 4. g3 Nbd7 5. Bg2 dxc4 6. 0-0 c6 7. a4 a5 8. Nc3 h6 9. e4 Bb4 10. Qe2 0-0 11. e5 Nd5 12. Qxc4 b5 13. Qb3 bxa4 14. Qc2 Ba6 15. Rd1 a3 16. Ne4 axb2 17. Bxb2 Qe7 18. Nfd2 Bb5 19. Nc4 a4 20. Na3 Rfc8 21. Bf1 Rab8 22. Bd3 Rc7 23. Bc1 f5 24. exf6 N7xf6 25. Nxf6+ Qxf6 26. Nc4 Bc3 27. Rb1 Bxd4 28. Nd6 Rf8 29. Ne4 Qf3 30. Ba3 Ne3 0-1

[Event "Fagernes Autumn op"]
[Site "Fagernes"]
[Date "2024.10.10"]
[Round "6"]
[White "Westrum, Kim Roger Hansen"]
[Black "Aamodt, Peder Marcus"]
[Result "1/2-1/2"]
[WhiteElo "2205"]
[BlackElo "2126"]
[PlyCount "63"]
[EventDate "2024.10.06"]
[EventType "swiss"]
[EventRounds "9"]
[EventCountry "NOR"]
[SourceTitle "CB42_2024"]
[Source "ChessBase"]
[SourceDate "2024.10.16"]
[SourceVersion "1"]
[SourceVersionDate "2024.10.16"]
[SourceQuality "1"]

1. d4 Nf6 2. Nc3 d5 3. Bf4 c5 4. e4 Nxe4 5. Nxe4 dxe4 6. dxc5 Qa5+ 7. c3 Qxc5 8. Qa4+ Nc6 9. Qxe4 g6 10. Nf3 Bg7 11. Qe3 Qxe3+ 12. Bxe3 Bf5 13. Be2 0-0 14. 0-0 Rfd8 15. Rfd1 Bf6 16. Nd2 Ne5 17. Nb3 Bd3 18. Kf1 b6 19. Bd4 Bxe2+ 20. Kxe2 Nc4 21. Bxf6 exf6 22. Rxd8+ Rxd8 23. Rb1 Re8+ 24. Kd1 Ne5 25. f3 Nc4 26. g3 Ne3+ 27. Ke2 Nc4+ 28. Kf2 Re3 29. Rd1 Re7 30. Rb1 Re3 31. Rd1 Re7 32. Rb1 1/2-1/2

[Event "Budapest FS09 IM"]
[Site "Budapest"]
[Date "2024.09.14"]
[Round "9"]
[White "Aamodt, Peder Marcus"]
[Black "Besedes, Danilo"]
[Result "0-1"]
[WhiteElo "2188"]
[BlackElo "2288"]
[PlyCount "118"]
[EventDate "2024.09.07"]
[EventType "tourn"]
[EventRounds "9"]
[EventCountry "HUN"]
[SourceTitle "EXT 2025"]
[Source "ChessBase"]
[SourceDate "2024.10.14"]
[SourceVersion "1"]
[SourceVersionDate "2024.10.14"]
[SourceQuality "1"]

1. d4 Nf6 2. c4 e6 3. g3 d5 4. Bg2 Bb4+ 5. Bd2 Be7 6. Nf3 0-0 7. 0-0 c6 8. Bc3 a5 9. Nbd2 b5 10. b3 Ba6 11. Ne5 Nfd7 12. cxb5 cxb5 13. Ndf3 Nf6 14. Bb2 Ne4 15. Rc1 b4 16. Ne1 Bb5 17. N1d3 f6 18. Ng4 Nc6 19. Ne3 f5 20. f3 Nc3 21. Bxc3 bxc3 22. Nf4 Bf6 23. Nc2 Qd6 24. Re1 a4 25. Kh1 axb3 26. axb3 Bg5 27. e4 Ra2 28. Ra1 Rb2 29. e5 Qe7 30. Re3 Bxf4 31. gxf4 Rxb3 32. Qe1 Qb7 33. Rxc3 Bd3 34. Rxb3 Qxb3 35. Ra3 Qxc2 36. Rc3 Qa4 37. Rxd3 Nxd4 38. Qc3 Ne2 39. Qb3 Qxb3 40. Rxb3 Nxf4 41. Bf1 g5 42. Rb7 Rf7 43. Rb8+ Kg7 44. Bb5 Rc7 45. Kg1 Rc1+ 46. Bf1 Re1 47. h4 gxh4 48. Rb4 Ng6 49. Kf2 Rxe5 50. Bd3 h3 51. Rb1 d4 52. Bf1 h2 53. Bg2 Nf4 54. Kg3 Nxg2 55. Kxg2 Re2+ 56. Kh1 Kf6 57. f4 Rf2 58. Rb7 Rxf4 59. Rxh7 e5 0-1

[Event "Budapest FS09 IM"]
[Site "Budapest"]
[Date "2024.09.11"]
[Round "5"]
[White "Hammari, Vinjar"]
[Black "Aamodt, Peder Marcus"]
[Result "1/2-1/2"]
[WhiteElo "2120"]
[BlackElo "2188"]
[PlyCount "58"]
[EventDate "2024.09.07"]
[EventType "tourn"]
[EventRounds "9"]
[EventCountry "HUN"]
[SourceTitle "EXT 2025"]
[Source "ChessBase"]
[SourceDate "2024.10.14"]
[SourceVersion "1"]
[SourceVersionDate "2024.10.14"]
[SourceQuality "1"]

1. e4 e5 2. Nf3 Nc6 3. Bb5 a6 4. Ba4 Nf6 5. 0-0 Be7 6. Re1 b5 7. Bb3 0-0 8. c3 d5 9. exd5 Nxd5 10. Nxe5 Nxe5 11. Rxe5 c6 12. d3 Bd6 13. Re1 Bf5 14. Qf3 Qh4 15. g3 Qh3 16. Nd2 Rae8 17. Ne4 Bg4 18. Qg2 Qxg2+ 19. Kxg2 f5 20. h3 Bh5 21. Bf4 Bxf4 22. gxf4 fxe4 23. dxe4 Bf3+ 24. Kxf3 Rxf4+ 25. Kg3 Rfxe4 26. Rxe4 Rxe4 27. Kf3 Rf4+ 28. Kg3 Re4 29. Kf3 Rf4+ 1/2-1/2

[Event "Budapest FS09 IM"]
[Site "Budapest"]
[Date "2024.09.09"]
[Round "3"]
[White "Lalic, Bogdan"]
[Black "Aamodt, Peder Marcus"]
[Result "1/2-1/2"]
[WhiteElo "2318"]
[BlackElo "2188"]
[PlyCount "80"]
[EventDate "2024.09.07"]
[EventType "tourn"]
[EventRounds "9"]
[EventCountry "HUN"]
[SourceTitle "EXT 2025"]
[Source "ChessBase"]
[SourceDate "2024.10.14"]
[SourceVersion "1"]
[SourceVersionDate "2024.10.14"]
[SourceQuality "1"]

1. d4 Nf6 2. c4 e6 3. Nc3 Bb4 4. e3 0-0 5. Nge2 c6 6. a3 Ba5 7. Ng3 d5 8. Bd3 Nbd7 9. 0-0 dxc4 10. Bxc4 e5 11. Ba2 Bc7 12. d5 cxd5 13. Nxd5 Nxd5 14. Bxd5 Nf6 15. Bf3 Qe7 16. Qc2 Re8 17. Ne4 Bb6 18. Nxf6+ Qxf6 19. Be4 g6 20. Bd2 Bf5 21. Bxf5 Qxf5 22. Qxf5 gxf5 23. Bc3 f6 24. Rfd1 Red8 25. Kf1 Kf7 26. Ke2 Ke6 27. Rac1 Rxd1 28. Rxd1 Rd8 29. Rc1 Rc8 30. Rd1 a5 31. a4 Rc4 32. Ra1 f4 33. Kd3 Kd5 34. exf4 Bxf2 35. fxe5 fxe5 36. Bxe5 Rg4 37. Bc3 Rxg2 38. Bxa5 Bd4 39. Rf1 Bxb2 40. Rf5+ Ke6 1/2-1/2

[Event "Trondheim Lewis op"]
[Site "Trondheim"]
[Date "2024.08.10"]
[Round "5"]
[White "Aamodt, Peder Marcus"]
[Black "Tabak, Stefan"]
[Result "1/2-1/2"]
[WhiteElo "2112"]
[BlackElo "2171"]
[PlyCount "129"]
[EventDate "2024.08.06"]
[EventType "swiss"]
[EventRounds "9"]
[EventCountry "NOR"]
[SourceTitle "EXT 2025"]
[Source "ChessBase"]
[SourceDate "2024.10.14"]
[SourceVersion "1"]
[SourceVersionDate "2024.10.14"]
[SourceQuality "1"]

1. d4 Nf6 2. c4 g6 3. g3 Bg7 4. Bg2 0-0 5. Nc3 d6 6. h3 c6 7. e4 Nbd7 8. Nf3 Qc7 9. 0-0 b6 10. Re1 e5 11. Be3 Bb7 12. d5 c5 13. Nd2 a6 14. a4 a5 15. Nf1 Ba6 16. b3 Kh8 17. g4 Ng8 18. Ng3 Rae8 19. Qd2 Qd8 20. Bf3 Ne7 21. Bh6 Bxh6 22. Qxh6 Ng8 23. Qd2 Qh4 24. Kg2 Ne7 25. Qd3 Rg8 26. Nd1 f5 27. exf5 Ref8 28. Ne3 Nf6 29. Kh2 Bc8 30. Ng2 Qh6 31. Qe3 Qxe3 32. Nxe3 h5 33. g5 h4 34. gxf6 hxg3+ 35. fxg3 Rxf6 36. g4 gxf5 37. gxf5 Bxf5 38. Rf1 Bxh3 39. Bg2 Rxf1 40. Rxf1 Bxg2 41. Rf7 Nxd5 42. cxd5 Be4 43. Rb7 Rf8 44. Rxb6 Rf3 45. Nc4 Bxd5 46. Nxa5 e4 47. Rxd6 Rd3 48. Kg2 e3+ 49. Rxd5 Rxd5 50. Kf3 Rd3 51. Nb7 Rxb3 52. Nxc5 Ra3 53. Ke2 Kg7 54. Nd3 Rxa4 55. Kxe3 Kf6 56. Nf4 Kf5 57. Nd3 Rc4 58. Nf2 Rb4 59. Nd3 Re4+ 60. Kf3 Re8 61. Nf2 Ra8 62. Nd3 Ra3 63. Ke3 Rb3 64. Kd4 Rxd3+ 65. Kxd3 1/2-1/2